Data center operations : a guide to effective planning, processing, and performance /

Bibliographic Details
Main Author: Schaeffer, Howard
Format: Book
Language:English
Published: Englewood Cliffs, N.J. : Prentice-Hall, [1987]
Edition:2nd ed.
Subjects:

MARC

Tag First Indicator Second Indicator Subfields
LEADER 00000cam a2200000 a 4500
001 in00000033340
005 20151007060600.0
008 860611s1987 njua b 00110 eng
010 |a  86016971  
020 |a 0131960644 :  |c $44.95 
035 |a (OCoLC)13796199 
035 |9 AAC1204AM 
040 |a DLC  |c DLC  |d m/c  |d TXA  |d UtOrBLW 
049 |a TXAM  |c [A11526804] 
050 0 0 |a HD9696.C62  |b S3 1987 
082 0 |a 658/.05  |2 19 
100 1 |a Schaeffer, Howard. 
245 1 0 |a Data center operations :  |b a guide to effective planning, processing, and performance /  |c Howard Schaeffer. 
250 |a 2nd ed. 
264 1 |a Englewood Cliffs, N.J. :  |b Prentice-Hall,  |c [1987] 
264 4 |c ©1987 
300 |a xxvi, 500 pages :  |b illustrations ;  |c 29 cm. 
336 |a text  |b txt  |2 rdacontent 
337 |a unmediated  |b n  |2 rdamedia 
338 |a volume  |b nc  |2 rdacarrier 
504 |a Bibliography: pages 488-491. 
500 |a Includes index. 
650 0 |a Data processing service centers  |x Management. 
650 0 |a Computer service industry  |x Management. 
999 |a MARS 
999 f f |s 24c35d03-7a79-37ab-aac4-15be2627e6c6  |i 0725eab5-633c-35fa-ab54-56ccc8c1408d  |t 0 
952 f f |p ric  |a Texas A&M University  |b Rellis Campus  |c Joint Library Facility  |d Remote Storage  |t 0  |e HD9696.C62 S3 1987  |h Library of Congress classification  |i unmediated -- volume  |m A14811526804 
998 f f |a HD9696.C62 S3 1987  |t 0  |l Remote Storage